Welcome to CU Library Online Public Access Catalogue (OPAC)

Personal Injury/ (Record no. 3729)

MARC details
000 -LEADER
fixed length control field 00522nam a22001577a 4500
005 - DATE AND TIME OF LATEST TRANSACTION
control field 20250209114732.0
008 - FIXED-LENGTH DATA ELEMENTS--GENERAL INFORMATION
fixed length control field 250209b |||||||| |||| 00| 0 eng d
020 ## - INTERNATIONAL STANDARD BOOK NUMBER
International Standard Book Number 0888040342
050 ## - LIBRARY OF CONGRESS CALL NUMBER
Classification number RC925.5
Item number .O34
100 ## - MAIN ENTRY--PERSONAL NAME
Personal name Ogilvie-Harris, D. J.
245 ## - TITLE STATEMENT
Title Personal Injury/
Remainder of title a medico-legal guide to the spine and limbs
Statement of responsibility, etc. D. J. Ogilvie-Harris & G. J. LLoyd, illustrated by Carolyn Teare-Richardson
260 ## - PUBLICATION, DISTRIBUTION, ETC.
Place of publication, distribution, etc. Toronto
Name of publisher, distributor, etc. Canada Law Book
Date of publication, distribution, etc. 1986
300 ## - PHYSICAL DESCRIPTION
Extent xxiv. 397p.
Dimensions 24cm
700 ## - ADDED ENTRY--PERSONAL NAME
Personal name LLoyd, G. J.
942 ## - ADDED ENTRY ELEMENTS (KOHA)
Source of classification or shelving scheme Library of Congress Classification
Koha item type Books
Suppress in OPAC No
999 ## -
-- 3729
-- 3729
Holdings
Withdrawn status Lost status Source of classification or shelving scheme Damaged status Not for loan Collection Home library Current library Shelving location Date acquired Total checkouts Full call number Barcode Date last seen Copy number Price effective from Koha item type
    Library of Congress Classification     Non-fiction Science Library (Miotso) Science Library (Miotso) General stacks 02/09/2025   RC925.5 .O34 OGI SLM00003338 02/09/2025 1 02/09/2025 Books
© 2023-2024 Copyright: Central University Libraries. All Rights Reserved | Created by: Mahone Tech Office